Statistics for Golden Boy winners of all time

Click here to take the quiz!

General Stats

  • This quiz has been taken 12 times
  • The average score is 10 of 20

Answer Stats

HintAnswer% Correct
2017Kylian Mbappe
100%
2005Lionel Messi
100%
2020Erling Haaland
88%
2022Gavi
88%
2021Pedri
88%
2009Alexandre Pato
50%
2006Cesc Fabregas
50%
2019Joao Felix
50%
2011Mario Gotze
50%
2013Paul Pogba
50%
2008Anderson
38%
2015Anthony Martial
38%
2012Isco
38%
2018Matthijs de Ligt
38%
2003Raphael van der Vaart
38%
2004Wayne Rooney
38%
2014Raheem Sterling
25%
2016Renato Sanches
25%
2007Sergio Aguero
25%
2010Mario Balotelli
13%

Score Distribution

Percentile by Number Answered

Percent of People with Each Score

Your Score History

You have not taken this quiz